| 000 | 01251cam a2200337 a 4500 | ||
|---|---|---|---|
| 001 | 13079625 | ||
| 003 | OSt | ||
| 005 | 20150408113939.0 | ||
| 008 | 030203s2002 nyua 001 0 eng | ||
| 010 | _a 2003268331 | ||
| 020 | _a0072226242 | ||
| 035 | _a(OCoLC)ocm51043576 | ||
| 040 |
_aRLS _cRLS _dDLC |
||
| 042 | _alccopycat | ||
| 050 | 0 | 0 |
_aTK5105.78 _b.B75 2002 |
| 082 | 0 | 0 |
_a004.68 _221 |
| 100 | 1 |
_aBrisbin, Shelly. _95720 |
|
| 245 | 1 | 0 |
_aBuild your own Wi-Fi network / _cby Shelly Brisbin ; with Glen Carty. |
| 260 |
_aNew York : _bMcGraw Hill/Osborne, _c2002. |
||
| 300 |
_axviii, 237 p. : _bill. ; _c28 cm. |
||
| 504 | _aIncludes Webliography (p. 221-225) and index. | ||
| 650 | 0 |
_aWireless LANs. _95721 |
|
| 650 | 0 |
_aHome computer networks. _95722 |
|
| 650 | 0 |
_aIEEE 802.11 (Standard) _95723 |
|
| 700 | 1 |
_aCarty, Glen. _95724 |
|
| 856 | 4 | 2 |
_3Contributor biographical information _uhttp://www.loc.gov/catdir/bios/mh042/2003268331.html |
| 856 | 4 | 1 |
_3Table of contents _uhttp://www.loc.gov/catdir/toc/mh031/2003268331.html |
| 856 | 4 | 2 |
_3Publisher description _uhttp://www.loc.gov/catdir/description/mh031/2003268331.html |
| 942 |
_2ddc _cBOOK |
||
| 999 |
_c17520 _d252020 |
||